000 00565nam a2200169Ia 4500
008 090711s9999 xx 000 0 und d
082 _b16771
100 _aSोंदवणकर सदानंद
245 _aभारतीय शास्त्रज्ञ
260 _c1964
300 _a90
600 _aSोंदवणकर सदानंद
630 _aभारतीय शास्त्रज्ञ
700 _aSोंदवणकर सदानंद
730 _aभारतीय शास्त्रज्ञ
942 _cBOOK
999 _c322056
_d322056